000 00418nam a2200181Ia 4500
999 _c18544
_d18544
003 0100
005 20190801115723.0
008 130303s9999 xx 000 0 und d
040 _cARRUPELIB
050 _aHQ1800.5.M38 1994
100 _aMathabane, Mark
_939821
245 _aAfrican Women
245 _bThree Generations
250 _afirst edition
260 _aNY
_bHarperCollins Publishers Inc
_c1994
300 _a366p
650 _aSouth Africa
_xSocial Conditions
_931490
942 _2lcc
_cMONOGRAPH